| 000 | 00445nam a2200145 a 4500 | ||
|---|---|---|---|
| 005 | 20210219161921.0 | ||
| 008 | 131203s1982 mx r 000 0 spa d | ||
| 035 | _aUPN01000194462 | ||
| 049 | _aUNE | ||
| 080 | 4 | _aDO 341.1: 008: 37: 5: 6 (7/8) "1974" EXT No. 9 | |
| 111 | 2 |
_aReunion extraordinaria de la CEPCIECC _n(10a. : _d1982 : _cWashington D. C. ) |
|
| 245 | 0 | _aInforme final | |
| 260 |
_aWashington D. C. : _bONU, _c1982. |
||
| 300 | _a108 p. | ||
| 999 |
_c166563 _d166563 |
||